| 000 | 00486nam a2200181Ia 4500 | ||
|---|---|---|---|
| 001 | 24706 | ||
| 005 | 20260414151101.0 | ||
| 008 | 260414t2008||||xx |||||||||||||| ||spa|| | ||
| 041 | _aESP | ||
| 082 |
_a345.725 _bZ62 |
||
| 100 |
_aZela Villegas, Aldo _eAUT |
||
| 245 | 0 |
_aLa tutela preventiva de los derechos : _b(como manifestación de la tutela diferenciada) |
|
| 260 | _c2008 | ||
| 300 |
_a254 pƔginas : _c21 cm. |
||
| 650 | _aDER | ||
| 654 | _aCDE | ||
| 942 |
_cLIB _dJUS _fJUS _2ddc _n |
||
| 999 |
_c24706 _d24706 |
||